|
|
|
|
| LEADER |
01393nam a2200349 a 4500 |
| 001 |
c000378042 |
| 003 |
CARM |
| 005 |
19990923000000.0 |
| 008 |
790419s1979 maua b 101 0 eng |
| 010 |
|
|
|a 79013176 //r964
|a 79013176
|
| 019 |
1 |
|
|a 1407585
|5 LACONCORD2021
|
| 020 |
|
|
|a 0898380065
|
| 035 |
|
|
|a (OCoLC)4957120
|5 LACONCORD2021
|
| 040 |
|
|
|a LC
|b eng
|c LC
|d WMDU
|
| 050 |
0 |
0 |
|a HT391
|b .R354 1977
|
| 082 |
0 |
0 |
|a 309.2/5
|
| 082 |
0 |
4 |
|a 309.2/5
|
| 111 |
2 |
|
|a Regional Science Symposium,
|d (1977 :
|c University of Groningen)
|
| 245 |
1 |
0 |
|a Spatial inequalities and regional development /
|c Hendrik Folmer and Jan Oosterhaven, editors.
|
| 260 |
|
|
|a Boston :
|b M. Nijhoff,
|c c1979.
|
| 300 |
|
|
|a xvi, 258 p. :
|b ill. ;
|c 24 cm.
|
| 500 |
|
|
|a "Held at the Faculty of Economics of the University of Groningen."
|
| 504 |
|
|
|a Includes bibliographies and index.
|
| 650 |
|
0 |
|a Regional planning
|x Congresses.
|
| 650 |
|
0 |
|a Regional economics
|x Congresses.
|
| 650 |
|
0 |
|a Regional economic disparities.
|
| 700 |
1 |
|
|a Folmer, Henk,
|d 1945-
|
| 700 |
1 |
|
|a Oosterhaven, Jan.
|
| 710 |
2 |
|
|a Rijksuniversiteit te Groningen.
|b Faculteit der Economische Wetenschappen.
|
| 852 |
8 |
|
|b CARM
|h A1:AM21F0
|i C10154
|p 0431339
|f BK
|
| 999 |
f |
f |
|i 06ba8c43-5ed0-5fe5-baf4-5774fd2203ab
|s ac301c73-cb85-527a-9452-f00aefddc50a
|
| 952 |
f |
f |
|p Can circulate
|a CAVAL
|b CAVAL
|c CAVAL
|d CARM 1 Store
|e C10154
|f A1:AM21F0
|h Other scheme
|i book
|m 0431339
|